| 000 | 00712cam a22002533a 4500 | ||
|---|---|---|---|
| 001 | 1085 | ||
| 003 | PGUSA | ||
| 005 | 20140828082956.0 | ||
| 008 | 971001s1997||||xxu|||||s|||||000 | eng d | ||
| 040 |
_aPGUSA _beng |
||
| 042 | _adc | ||
| 050 | 4 | _aCT | |
| 050 | 4 | _aPR | |
| 100 | 1 |
_aCarlyle, Thomas, _d1795-1881 |
|
| 245 | 1 | 0 |
_aLife of John Sterling _h[electronic resource] / _cThomas Carlyle |
| 260 |
_bProject Gutenberg, _c1997 |
||
| 506 | _aPublic domain in the USA. | ||
| 516 | _aElectronic text | ||
| 653 | _aAuthors, English -- 19th century -- Biography | ||
| 653 | _aSterling, John, 1806-1844 | ||
| 830 | 0 |
_aProject Gutenberg _v1085 |
|
| 856 | 4 | 0 | _uhttp://www.gutenberg.org/ebooks/1085 |
| 942 | _cEB | ||
| 999 |
_c230433 _d230433 |
||